000 00760nam a2200217 i 4500
001 182048
003 ES-MaACL
005 20250704062535.0
008 130527q18501899fr a | |||||||| ||fre d
100 1 _aDumas, Alexandre,
_d1802-1870
_eaut
_9241135
245 1 4 _a[Le page de duc de Savoie /
_cpar Alexandre Dumas].
260 _a[S.l. :
_bMichel Lévy, fréres?,
_cs.a.] (
_eLagny :
_fTyp. de A. Varigault)
300 _a166 p. :
_bil. ;
_c30 cm.
594 _aTit. y autor tomados de pag.1.
596 _aImpreso probablmente segunda mitad del siglo XIX.
597 _aTexto a dos col.
599 _aLa il. en pag.1.
852 _aES-MaACL
_jR-1714(9)
_q.- Ejempl. sin portada en un vol. facticio
942 _2udc
999 _c182048
_d182048